00593nam a2200169 a 450000100100000000500170001000800410002702000180006804000250008608200150011110000420012624500840016826000400025230000270029250000740031950400300039300004435120201002045318.0140620s2011 bl a 000 0 spa d a9788564527003 aDO-SdBNPbspacBNPHU axxxxbxxxx1 aPastana, Grace Irene Imbirida,d1957-10aEconomía solidária :beducão & autonomia /cGrace Irene Imbirida Pastana. aRio de Janeiro :bTecnoarte,c2011. a79 p. :bil. ;c21 cm. aIncluye datos biográficos de la autora en la solapas de la cubierta aBibliografía : p. 77-79